01012nam a2200217Ia 4500008004100000020001800041082001900059100004100078245008200119250000600201260002400207300001000231500001900241650003700260952009600297952009600393952009600489952009600585952009600681999001700777120629s9999 xx 000 0 und d a968-436-100-9 a370.1523 M827p aMora Ledesma, José Guadalupe de la aPsicología del aprendizaje : formas 2 / José Guadalupe de la Mora Ledesma a2 aMéxico : Progreso a121 p aBibliografía a1. PSICOLOGIA DEL APRENDIZAJEÌ 00104070a15b15d2006-09-22l0o370.1523 M827Pp15 001753r2017-12-07t1w2012-06-28yLB 00104070a15b15d2006-09-22l0o370.1523 M827Pp15 001754r2017-12-07t2w2012-06-28yLB 00104070a15b15d2006-09-22l0o370.1523 M827Pp15 001755r2017-12-07t3w2012-06-28yLB 00104070a15b15d2006-09-22l0o370.1523 M827Pp15 001756r2017-12-07t4w2012-06-28yLB 00104070a15b15d2006-09-22l0o370.1523 M827Pp15 001757r2017-12-07t5w2012-06-28yLB c75292d75292